| 000 | 00652cam a2200145 4500500 | ||
|---|---|---|---|
| 005 | 20260208010722.0 | ||
| 041 | _afre | ||
| 042 | _adc | ||
| 100 | 1 | 0 |
_aDubray, Jean _eauthor |
| 245 | 0 | 0 | _aJean-Baptiste Lecuit, L’Anthropologie théologique à la lumière de la psychanalyse. La contribution majeure d’Antoine Vergote, Paris, Le Cerf, coll. « Cogitatio Fidei », 2007, 678 p., 55 € |
| 260 | _c2011. | ||
| 500 | _a4 | ||
| 786 | 0 | _nRevue philosophique de la France et de l'étranger | 136 | 1 | 2011-03-16 | p. 85u-110u | 0035-3833 | |
| 856 | 4 | 1 | _uhttps://shs.cairn.info/revue-philosophique-2011-1-page-85u?lang=fr&redirect-ssocas=7080 |
| 999 |
_c1657853 _d1657853 |
||